Социальная философия (Запис № 309576)

МАРК-запис
000 -Лідер
fixed length control field 00725nam a22002537a 4500
001 - Контрольний номер
control field 23330
003 - Ідентифікатор контрольного номера
control field UA-OsUOA
005 - Дата та час останнього входження (трансакції)
control field 20230115140015.0
007 - Фіксоване поле фізичного опису
fixed length control field ta
008 - Елементи даних фіксованої довжини – загальна інформація
fixed length control field 20040119b un ||||| |||| 00| 0 ukr d
020 ## - Міжнародний стандартний книжковий номер (ISBN)
Міжнародний стандартний книжковий номер (ISBN) (НП) 5-7763-8288-4
040 ## - Джерело каталогізації
Агенція оригінальної каталогізації UA-OsUOA
Мова каталогізації rus
Агенція, яка здійснювала перезапис UA-OsUOA
Агенція, яка здійснювала модифікацію UA-OsUOA
041 ## - Код мови
Код мови тексту/ звукової доріжки чи окремого заголовка (П) rus
044 ## - Код країни видавця/ виробника
Код країни видавця/ виробника (П) UA
080 ## - Індекс Універсальної десяткової класифікації
Індекс Універсальної десяткової класифікації (УДК) (НП) 141.7(075.8)
090 ## - Локальний шифр розміщення
Класифікаційний індекс УДК 141.7(075.8)
Авторський знак (НП) С69
245 ## - Відомості про назву
Назва (НП) Социальная философия
Решта назви (НП) учебник
Дані про відповідальність (НП) ред. В. П. Андрущенко, Н. И. Горлача
260 ## - Публікація, розповсюдження і т.п. (Вихідні дані)
Місце публікації, розповсюдження і т.п. (П) Киев
Ім’я/ наймення видавництва, розповсюджувача і т.п. (П) Единорог
Дата публікації, розповсюдження і т.п. (П) 2001
300 ## - Фізичний опис
Обсяг 736 с.
650 #7 - Додаткове предметне введення – тематичний термін
Джерело заголовка чи терміна UDC
942 ## - Додаткові елементи входу (Коха)
Тип елемента Koha Книги
Source of classification or shelving scheme Universal Decimal Classification
955 ## - Код типу видання за змістом
Код типу видання за змістом (НП) інше
Фонди
Стан вилучень Стан втрат Джерело класифікації або схеми стелажів Стан уражень Не для кредиту Постійне місце розташування Поточне розміщення Дата придбання Вартість, звичайна ціна покупки Інвентарний номер Усього замовленно Повний номер виклику Штрих-код Дата останнього перегляду Ціна ефективна від Тип елемента Koha
    Universal Decimal Classification     АБ - Абонемент НБ АБ - Абонемент НБ 18/05/2005 9.58 85461   141.7(075.8) С69 85461 28/10/2021 19/01/2004 Книги
    Universal Decimal Classification     АБ - Абонемент НБ АБ - Абонемент НБ 18/05/2005 20.00 85462   141.7(075.8) С69 85462 13/07/2019 19/01/2004 Книги
    Universal Decimal Classification     АБ - Абонемент НБ АБ - Абонемент НБ 18/05/2005 20.00 85463   141.7(075.8) С69 85463 13/07/2019 19/01/2004 Книги
    Universal Decimal Classification     АБ - Абонемент НБ АБ - Абонемент НБ 18/05/2005 20.00 85464   141.7(075.8) С69 85464 28/10/2021 19/01/2004 Книги
    Universal Decimal Classification     АБ - Абонемент НБ АБ - Абонемент НБ 18/05/2005 20.00 85465   141.7(075.8) С69 85465 07/02/2022 19/01/2004 Книги
    Universal Decimal Classification     АБ - Абонемент НБ АБ - Абонемент НБ 18/05/2005 19.67 85466   141.7(075.8) С69 85466 28/10/2021 19/01/2004 Книги
    Universal Decimal Classification     АБ - Абонемент НБ АБ - Абонемент НБ 18/05/2005 19.67 85467   141.7(075.8) С69 85467 28/10/2021 19/01/2004 Книги
    Universal Decimal Classification     ЧЗ - Читальна зала ЧЗ - Читальна зала 19/01/2004 5.00 76888   141.7(075.8) С69 76888 25/11/2021 19/01/2004 Книги